000 00609nam a2200193 a 4500
005 20240924065104.0
008 991125s1930 mx 000 0 spa u
035 _aUPN01000001248
049 _aSEP
050 4 _aL227 D671
_bM2.11a
110 1 _aMéxico.
_bDirección de Misiones Culturales
_928111
245 1 0 _aAgricultura :
_bla semilla /
_cDirección de Misiones Culturales.
260 _aMéxico :
_bDirección de Misiones Culturales,
_c[1930?].
300 _a[5] h.
650 4 _aEducación a distancia
_97924
650 4 _aEducación rural
_99764
650 4 _aEducación agrícola
_931
905 _aLibro
999 _c1248
_d1248